Bytový dom

Salvato in:
Dettagli Bibliografici
Autore principale: Lelkes, Patrik (Autore)
Altri autori: Jankovichová, Eva (Relatore della tesi)
Natura: Manoscritto Libro
Lingua:slovacco
Pubblicazione: 2025
Soggetti:
Accesso online:http://is.stuba.sk/zp/portal_zp.pl?podrobnosti=168178
CRZP
Tags: Aggiungi Tag
Nessun Tag, puoi essere il primo ad aggiungerne!!

MARC

LEADER 00000ntm a22000003a 4500
001 stuzp104774
003 SK-STU
005 20250728133322.1
007 ta
008 150427s2015----xo-----f-mn---000-0-slo-d
040 |a STU  |b slo 
041 0 |a slo 
100 1 |a Lelkes, Patrik  |u 010270  |4 aut  |U SvF Stavebná fakulta  |T SvF Katedra technológie stavieb  |X 111926  |U V270  |Y 28  |7 111926 
242 0 1 |a Residential House  |y eng 
245 1 0 |a Bytový dom 
260 |c 2025 
650 4 |a bytový dom  |2 slo 
650 4 |a debnenie stropov  |2 slo 
650 4 |a dokaflex 1-2-4  |2 slo 
650 4 |a systémové debnenie  |2 slo 
650 4 |a residential house  |2 eng 
650 4 |a ceiling formwork  |2 eng 
650 4 |a dokaflex 1-2-4  |2 eng 
650 4 |a system formwork  |2 eng 
700 1 |a Jankovichová, Eva  |u 010270  |k Z8  |4 ths  |U SvF Stavebná fakulta  |T SvF Katedra technológie stavieb  |X 647  |U V270  |Y 28  |7 A000000647 
856 4 |u http://is.stuba.sk/zp/portal_zp.pl?podrobnosti=168178 
856 4 |u https://opac.crzp.sk/?fn=detailBiblioForm&sid=99033F13ACC73F95B68A4E9E2DA6  |z CRZP